IFM Opac

COMPETITION AND TRADE POLICIES (Record no. 16950)

MARC details
000 -LEADER
fixed length control field 00399nam a22001457a 4500
020 ## - INTERNATIONAL STANDARD BOOK NUMBER
International Standard Book Number 0415167833
082 ## - DEWEY DECIMAL CLASSIFICATION NUMBER
Classification number 382.3094COM
Item number 1
100 ## - MAIN ENTRY--PERSONAL NAME
Personal name Hope,Einar.
245 ## - TITLE STATEMENT
Title COMPETITION AND TRADE POLICIES
260 ## - PUBLICATION, DISTRIBUTION, ETC.
Place of publication, distribution, etc. London and New York
Name of publisher, distributor, etc. British Library Cataloguing in Publication
Date of publication, distribution, etc. 1998
300 ## - PHYSICAL DESCRIPTION
Extent xi,:346p.
Other physical details 23cm
650 ## - SUBJECT ADDED ENTRY--TOPICAL TERM
Topical term or geographic name entry element Trade Policies
700 ## - ADDED ENTRY--PERSONAL NAME
Personal name Einar Hope and Per Maeleng
942 ## - ADDED ENTRY ELEMENTS (KOHA)
Koha item type Books
Holdings
Withdrawn status Lost status Damaged status Not for loan Home library Current library Shelving location Date acquired Total Checkouts Full call number Date last seen Price effective from Koha item type
        IFM Main Campus Library IFM Main Campus Library Special Reserve Collection 10/28/2016   382.3094COM 1 10/28/2016 10/28/2016 Books